000 00692nam a2200217Ii 4500
003 JO-AjNU
008 230605s9999||||xx |||||||||||||| ||und||
040 _aJO-AjNU
_bara
_erda
_cJO-AjNU
041 _aara
050 1 4 _aBP80.1991
100 3 _aاعداد شعبان، حلمي علي ,
_eauthor
_935192
245 0 0 _aمعاذ بن جبل
250 _aط1
264 3 1 _aبيروت،دار الكتب العلمية ،1991
300 _a32ص
336 _atext
_btxt
_2rdacontent
337 _aunmediated
_bn
_2rdamedia
338 _avolume
_bnc
_2rdacarrier
490 0 _aسلسلة أعمدة الاسلام
650 4 _aالصحابة والتابعون-معاذ بن جبل
_935193
999 _aA14504
_c18072
_d18072